[Event "Gorenje GM"]
[Site "Valjevo SRB"]
[Date "2007.06.13"]
[Round "1"]
[White "Atalik, S."]
[Black "Stojanovic, Mih"]
[Result "1-0"]
[WhiteElo "2584"]
[BlackElo "2588"]
[PlyCount "69"]
[EventDate "2007.06.13"]

1. d4 d5 2. c4 e6 3. Nf3 Nf6 4. Nc3 Nbd7 5. cxd5 exd5 6. Bf4 c6 7. h3 Ne4 8.
Qc2 Bb4 9. a3 Qa5 10. Bd2 Nxd2 11. Nxd2 Be7 12. e3 O-O 13. Bd3 Nf6 14. O-O Re8
15. f4 Bf8 16. Rae1 Qd8 17. Nf3 c5 18. Ng5 g6 19. f5 Bg7 20. fxg6 fxg6 21. dxc5
Re5 22. Nf3 Re7 23. e4 dxe4 24. Nxe4 Nxe4 25. Bxe4 Be6 26. Ng5 Qd4+ 27. Kh1
Rae8 28. Rd1 Qxb2 29. Nxe6 Rxe6 30. Qxb2 Bxb2 31. Bd5 Kg7 32. Bxe6 Rxe6 33.
Rd7+ Kh6 34. a4 b6 35. Rd6 1-0

[Event "Gorenje GM"]
[Site "Valjevo SRB"]
[Date "2007.06.13"]
[Round "1"]
[White "Iordachescu, V."]
[Black "Damljanovic, B."]
[Result "1/2-1/2"]
[WhiteElo "2587"]
[BlackElo "2585"]
[PlyCount "114"]
[EventDate "2007.06.13"]

1. e4 c5 2. Nf3 e6 3. Nc3 a6 4. d4 cxd4 5. Nxd4 Qc7 6. Bd3 Nc6 7. Nxc6 dxc6 8.
O-O Nf6 9. f4 e5 10. Kh1 Bd6 11. f5 Bd7 12. Be3 h5 13. a4 Ng4 14. Bg1 Bb4 15.
Nb1 Rd8 16. Nd2 Bc8 17. Nb3 a5 18. Qe2 b6 19. Rf3 Nf6 20. Raf1 Be7 21. Nd2 Bb7
22. Nc4 c5 23. b3 Kf8 24. Rh3 Kg8 25. Bf2 Ba6 26. Bh4 Bxc4 27. Bxc4 Ng4 28. Be1
Nf6 29. c3 Qb7 30. Bh4 Ng4 31. Bd5 Qc7 32. Bg3 Nf6 33. c4 Re8 34. Bh4 Ng4 35.
Bg3 Nf6 36. Rd1 Rh6 37. Bh4 Ng4 38. Be1 Nf6 39. Bd2 Rh7 40. Rd3 Kf8 41. g3 Rh8
42. Kg2 h4 43. Be3 Rd8 44. g4 Nh7 45. Qd2 Rd6 46. g5 Qd8 47. Qc3 Bxg5 48. Qxe5
Bxe3 49. Rxe3 Nf6 50. Red3 Rh6 51. Kh1 Nd7 52. Qf4 Qe7 53. Rg1 Qe5 54. Qg5 Qf6
55. Qf4 Qe5 56. Qg5 Qf6 57. Qf4 Qe5 1/2-1/2

[Event "Gorenje GM"]
[Site "Valjevo SRB"]
[Date "2007.06.13"]
[Round "1"]
[White "Ivanisevic, I."]
[Black "Pavasovic, D."]
[Result "1-0"]
[WhiteElo "2614"]
[BlackElo "2567"]
[PlyCount "141"]
[EventDate "2007.06.13"]

1. d4 d5 2. c4 e6 3. Nf3 Nf6 4. g3 dxc4 5. Bg2 a6 6. Ne5 Bb4+ 7. Nc3 Nd5 8. Bd2
b5 9. O-O Bxc3 10. bxc3 O-O 11. a4 f6 12. Ng4 Bb7 13. e4 Nb6 14. Qb1 bxa4 15.
Bc1 N8d7 16. Ba3 Re8 17. Ne3 Bc6 18. Qa2 Bb5 19. f4 Ra7 20. Rad1 Qa8 21. g4 Qc8
22. Qf2 c5 23. d5 e5 24. f5 Qb8 25. h4 Nc8 26. g5 Nd6 27. Ng4 Qd8 28. Qe3 Nf7
29. g6 Nd6 30. gxh7+ Kh8 31. Rf2 Rb7 32. Bf1 a5 33. Rg2 Nf7 34. Rb1 Qe7 35. Be2
Reb8 36. Kh2 Ba6 37. Rbg1 Rb1 38. Bd1 Kxh7 39. Nf2 Rg8 40. Qg3 Nh6 41. Bxa4
Rxg1 42. Rxg1 Nb6 43. Qg6+ Kh8 44. Ng4 Qf7 45. Nxh6 Qxg6 46. Rxg6 Nxa4 47. Nxg8
Kxg8 48. Rg3 Bb5 49. h5 Kf8 50. Kh3 Be8 51. Kh4 Bf7 52. d6 Be8 53. h6 gxh6 54.
Bc1 Bc6 55. Bxh6+ Ke8 56. Rg8+ Kd7 57. Bf8 Bxe4 58. Rg7+ Kc6 59. Kg4 Nxc3 60.
Rc7+ Kb6 61. Be7 Bc6 62. d7 Bxd7 63. Rxd7 Ne4 64. Kf3 c3 65. Rd1 Nd2+ 66. Ke3
Nc4+ 67. Ke2 a4 68. Bxf6 a3 69. Bd8+ Kb7 70. f6 Nd6 71. Be7 1-0

[Event "Gorenje GM"]
[Site "Valjevo SRB"]
[Date "2007.06.14"]
[Round "2"]
[White "Roiz, M."]
[Black "Iordachescu, V."]
[Result "1-0"]
[WhiteElo "2605"]
[BlackElo "2587"]
[PlyCount "83"]
[EventDate "2007.06.13"]

1. Nf3 Nf6 2. c4 e6 3. Nc3 Bb4 4. Qc2 O-O 5. a3 Bxc3 6. Qxc3 d6 7. e3 e5 8. d4
Re8 9. dxe5 dxe5 10. b4 Bg4 11. Bb2 Nc6 12. Nd2 Qe7 13. f3 Bh5 14. Be2 a5 15.
b5 Nb8 16. a4 Nbd7 17. g4 Bg6 18. Nb3 b6 19. e4 h5 20. Ba3 Qe6 21. c5 Nh7 22.
h4 Ndf8 23. g5 Rad8 24. Bc4 Qc8 25. Bd5 Ne6 26. cxb6 Rxd5 27. exd5 Nf4 28. Qc6
f6 29. d6 Nf8 30. dxc7 Nd3+ 31. Kd2 Qf5 32. Qc4+ Kh7 33. b7 Qxf3 34. c8=Q Qf2+
35. Kc3 Nb2 36. Rac1 Ne6 37. Qxe8 Nxc4 38. Qxg6+ Kxg6 39. b8=Q Ne3 40. Qe8+ Kf5
41. Qd7 Qf3 42. Kb2 1-0

[Event "Gorenje GM"]
[Site "Valjevo SRB"]
[Date "2007.06.14"]
[Round "2"]
[White "Stojanovic, Mih"]
[Black "Georgiev, Ki"]
[Result "1-0"]
[WhiteElo "2588"]
[BlackElo "2660"]
[PlyCount "125"]
[EventDate "2007.06.13"]

1. Nf3 Nf6 2. c4 e6 3. Nc3 d5 4. d4 dxc4 5. Qa4+ c6 6. Qxc4 b5 7. Qd3 Nbd7 8.
a3 Bb7 9. e4 b4 10. axb4 Bxb4 11. e5 Nd5 12. Bd2 c5 13. Be2 h6 14. O-O O-O 15.
Bd1 Ne7 16. Bc2 Nf5 17. d5 Bxc3 18. Bxc3 Bxd5 19. Nd2 Nb6 20. Ra5 Qe7 21. g4
Qg5 22. h3 c4 23. Qe2 Ne7 24. f4 Qh4 25. Kh2 Nc6 26. Raa1 a5 27. Ne4 Nd7 28.
Nf6+ Nxf6 29. exf6 g6 30. Rad1 a4 31. f5 gxf5 32. gxf5 Kh8 33. Be1 Qg5 34. h4
Qxf6 35. fxe6 Qxe6 36. Bc3+ f6 37. Qxe6 Bxe6 38. Rd6 Nd8 39. Bxf6+ Kg8 40. Rg1+
Kf7 41. Bc3 Ke7 42. Bb4 Rf2+ 43. Kg3 Rxc2 44. Rd2+ Ke8 45. Rxc2 Rb8 46. Bc3 Rb3
47. Ra1 Bd7 48. Kf4 Ne6+ 49. Ke3 Ke7 50. Rg2 h5 51. Rg6 Be8 52. Rh6 Nc7 53. Re1
Ne6 54. Kd2 Rb6 55. Rh7+ Bf7 56. Rf1 Nd8 57. Ba5 Rxb2+ 58. Kc1 a3 59. Bxd8+ Ke6
60. Rhxf7 c3 61. Ra7 a2 62. Rf6+ Kd5 63. Rfa6 1-0

[Event "Gorenje GM"]
[Site "Valjevo SRB"]
[Date "2007.06.14"]
[Round "2"]
[White "Pavasovic, D."]
[Black "Atalik, S."]
[Result "1/2-1/2"]
[WhiteElo "2567"]
[BlackElo "2584"]
[PlyCount "117"]
[EventDate "2007.06.13"]

1. e4 e5 2. Nf3 Nc6 3. d4 exd4 4. Nxd4 Nf6 5. Nxc6 bxc6 6. e5 Qe7 7. Qe2 Nd5 8.
c4 Nb6 9. Nc3 Qe6 10. Qe4 g6 11. f4 d5 12. Qc2 Bb4 13. cxd5 Nxd5 14. Bd2 Nxc3
15. Bxc3 Qf5 16. Qxf5 Bxc3+ 17. bxc3 Bxf5 18. Bc4 Ke7 19. O-O Rhd8 20. Rad1 Bc2
21. Rxd8 Rxd8 22. Rf2 Bd3 23. Bb3 c5 24. Rd2 c4 25. Bd1 g5 26. fxg5 Rd5 27. Kf2
Ke6 28. h4 Kxe5 29. Bh5 Ke6 30. Bg4+ Ke5 31. Bh5 f6 32. gxf6 Kxf6 33. Be2 Kf5
34. Rb2 Ra5 35. Bxd3+ cxd3 36. Ke3 Rd5 37. Kd2 Rd7 38. Rb7 a6 39. Ra7 Kg4 40.
Rxa6 Kxh4 41. Ra4+ Kg3 42. Rd4 Rg7 43. Kxd3 h5 44. a4 Rg5 45. Rd7 Kxg2 46. Rxc7
h4 47. a5 Rxa5 48. Rg7+ Kf3 49. Rh7 Kg3 50. c4 h3 51. Kd4 h2 52. Rxh2 Kxh2 53.
c5 Kg3 54. c6 Kf4 55. c7 Ra8 56. Kd5 Kf5 57. Kd6 Rc8 58. Kd7 Rxc7+ 59. Kxc7
1/2-1/2

[Event "Gorenje GM"]
[Site "Valjevo SRB"]
[Date "2007.06.15"]
[Round "3"]
[White "Atalik, S."]
[Black "Karpov, Ana"]
[Result "1/2-1/2"]
[WhiteElo "2584"]
[BlackElo "2668"]
[PlyCount "64"]
[EventDate "2007.06.13"]

1. d4 Nf6 2. c4 e6 3. Nf3 b6 4. g3 Ba6 5. b3 Bb4+ 6. Bd2 Be7 7. Bg2 c6 8. Bc3
d5 9. Nbd2 Nbd7 10. O-O O-O 11. Re1 Bb7 12. e4 Nxe4 13. Nxe4 dxe4 14. Rxe4 c5
15. Re2 Bf6 16. Rd2 Qc8 17. Qc2 cxd4 18. Bxd4 Bxd4 19. Rxd4 Nf6 20. Rad1 Qc7
21. Qe2 Bxf3 22. Qxf3 Rad8 23. Qd3 Rxd4 24. Qxd4 Rc8 25. f4 Kf8 26. Bf3 Ke7 27.
Kf2 h5 28. h4 Qc5 29. Ke2 g6 30. Bb7 Qxd4 31. Rxd4 Rc7 32. Be4 a5 1/2-1/2

[Event "Gorenje GM"]
[Site "Valjevo SRB"]
[Date "2007.06.15"]
[Round "3"]
[White "Iordachescu, V."]
[Black "Stojanovic, Mih"]
[Result "1/2-1/2"]
[WhiteElo "2587"]
[BlackElo "2588"]
[PlyCount "46"]
[EventDate "2007.06.13"]

1. e4 e6 2. d4 d5 3. Nc3 dxe4 4. Nxe4 Bd7 5. Nf3 Bc6 6. Bd3 Nd7 7. O-O Ngf6 8.
Ned2 Be7 9. a4 O-O 10. Re1 b6 11. a5 b5 12. Qe2 Rb8 13. Ne5 Nxe5 14. dxe5 Nd7
15. Qg4 Nc5 16. Be4 Nxe4 17. Nxe4 Kh8 18. Rd1 Qe8 19. Be3 a6 20. Rd3 b4 21. Bd4
Rb5 22. Rh3 Qd8 23. c4 bxc3 1/2-1/2

[Event "Gorenje GM"]
[Site "Valjevo SRB"]
[Date "2007.06.15"]
[Round "3"]
[White "Damljanovic, B."]
[Black "Roiz, M."]
[Result "1/2-1/2"]
[WhiteElo "2585"]
[BlackElo "2605"]
[PlyCount "42"]
[EventDate "2007.06.13"]

1. Nf3 Nf6 2. c4 e6 3. g3 d5 4. d4 Bb4+ 5. Bd2 Be7 6. Bg2 c6 7. Qc2 O-O 8. O-O
b6 9. Rd1 Ba6 10. Ne5 Nfd7 11. cxd5 cxd5 12. Bf4 Nxe5 13. dxe5 Bb7 14. h4 Nc6
15. Nc3 Rc8 16. Rac1 a6 17. Qb1 Qe8 18. Na4 Bd8 19. b3 Bc7 20. Be3 Nxe5 21.
Bxb6 Bxb6 1/2-1/2

[Event "Gorenje GM"]
[Site "Valjevo SRB"]
[Date "2007.06.16"]
[Round "4"]
[White "Ivanisevic, I."]
[Black "Atalik, S."]
[Result "1/2-1/2"]
[WhiteElo "2614"]
[BlackElo "2584"]
[PlyCount "83"]
[EventDate "2007.06.13"]

1. d4 d5 2. c4 c6 3. Nf3 Nf6 4. Nc3 a6 5. h3 e6 6. e3 Nbd7 7. Qc2 Bd6 8. g4
dxc4 9. e4 c5 10. e5 cxd4 11. exf6 dxc3 12. fxg7 Rg8 13. Qxc3 Qf6 14. Qxf6 Nxf6
15. Bxc4 b5 16. Bd3 Bb7 17. Ke2 h5 18. gxh5 Nxh5 19. Rg1 Rxg7 20. Rxg7 Nxg7 21.
a4 b4 22. Be3 Nh5 23. Nd2 Nf4+ 24. Bxf4 Bxf4 25. Be4 Bxe4 26. Nxe4 Rc8 27. Rd1
Ke7 28. Rd4 a5 29. Nd2 Bxd2 30. Kxd2 f5 31. b3 Kf6 32. Rc4 Rh8 33. h4 Ke5 34.
Ke3 Kd6 35. Rd4+ Ke7 36. Rc4 e5 37. Rc5 Kd6 38. Rxa5 Rxh4 39. Rb5 Re4+ 40. Kd3
Rd4+ 41. Ke2 Re4+ 42. Kd3 1/2-1/2

[Event "Gorenje GM"]
[Site "Valjevo SRB"]
[Date "2007.06.16"]
[Round "4"]
[White "Pavasovic, D."]
[Black "Iordachescu, V."]
[Result "0-1"]
[WhiteElo "2567"]
[BlackElo "2587"]
[PlyCount "60"]
[EventDate "2007.06.13"]

1. e4 c6 2. d4 d5 3. exd5 cxd5 4. c4 Nf6 5. Nc3 e6 6. Nf3 Bb4 7. cxd5 Nxd5 8.
Bd2 Nc6 9. Bd3 Be7 10. O-O O-O 11. a3 Bf6 12. Qc2 g6 13. Bh6 Bg7 14. Bxg7 Kxg7
15. Rac1 Nce7 16. Nxd5 Nxd5 17. Be4 b6 18. Qc6 Bd7 19. Qc4 Rc8 20. Qe2 Nf6 21.
Ne5 Qe7 22. Bf3 Qd6 23. Nxd7 Qxd7 24. Rfd1 Rxc1 25. Rxc1 Qxd4 26. Rc7 e5 27.
Rxa7 Rc8 28. h3 e4 29. Bg4 Rc1+ 30. Kh2 h5 0-1

[Event "Gorenje GM"]
[Site "Valjevo SRB"]
[Date "2007.06.17"]
[Round "5"]
[White "Roiz, M."]
[Black "Stojanovic, Mih"]
[Result "1-0"]
[WhiteElo "2605"]
[BlackElo "2588"]
[PlyCount "69"]
[EventDate "2007.06.13"]

1. e4 e6 2. d4 d5 3. Nc3 dxe4 4. Nxe4 Bd7 5. Bd3 Bc6 6. Nf3 Nd7 7. O-O Ngf6 8.
Neg5 Bd6 9. Re1 h6 10. Nh3 Bxf3 11. Qxf3 c6 12. Nf4 Qa5 13. c3 O-O-O 14. Bc2
Rhe8 15. Nd3 Re7 16. g3 Rde8 17. Bb3 Qh5 18. Qxh5 Nxh5 19. Bd2 Nhf6 20. Rad1 c5
21. Be3 b6 22. Bc4 Kb7 23. dxc5 Nxc5 24. Nb4 Bb8 25. Bb5 Rc8 26. Bf1 a5 27.
Bg2+ Nce4 28. Bd4 axb4 29. Bxf6 gxf6 30. Rxe4 Ka7 31. Rxb4 Rc5 32. Rh4 b5 33.
a4 bxa4 34. Rdd4 Kb6 35. Rb4+ 1-0

[Event "Gorenje GM"]
[Site "Valjevo SRB"]
[Date "2007.06.17"]
[Round "5"]
[White "Damljanovic, B."]
[Black "Pavasovic, D."]
[Result "1-0"]
[WhiteElo "2585"]
[BlackElo "2567"]
[PlyCount "147"]
[EventDate "2007.06.13"]

1. c4 e6 2. Nf3 d5 3. d4 Nf6 4. g3 dxc4 5. Bg2 Nc6 6. Qa4 Nd7 7. Qxc4 Nb6 8.
Qd3 e5 9. Nxe5 Nb4 10. Qc3 Qxd4 11. O-O Qxc3 12. Nxc3 Bd6 13. Nf3 c6 14. Ne4
Be7 15. Bf4 O-O 16. Rfc1 N4d5 17. Bd2 Re8 18. Nd4 Nf6 19. Nc5 Bxc5 20. Rxc5 Ne4
21. Rc2 Nxd2 22. Rxd2 Rd8 23. Rdd1 Be6 24. f4 Nc4 25. Nxe6 fxe6 26. Kf2 Kf7 27.
b3 Nb6 28. e4 Ke7 29. Ke3 a5 30. Bf1 Rd7 31. Be2 Rad8 32. Rxd7+ Nxd7 33. Rc1
Ra8 34. h4 h6 35. h5 Rd8 36. Rc4 Ra8 37. Rc1 Rd8 38. Rd1 Ra8 39. Rb1 Ra7 40. a3
Ra8 41. Bf3 Nb6 42. Rc1 Nd7 43. e5 Nb6 44. g4 Rd8 45. Rc5 Ra8 46. Rc1 Rd8 47.
Be4 Nd5+ 48. Bxd5 Rxd5 49. a4 Kd7 50. Rg1 Ke7 51. Rb1 b5 52. Rc1 Kd7 53. Rc3
bxa4 54. bxa4 c5 55. Rb3 Kc6 56. Rb8 Rd7 57. Rc8+ Kd5 58. Ra8 Kc4 59. f5 Rd3+
60. Kf2 Rd2+ 61. Kg3 Rd3+ 62. Kh4 exf5 63. e6 Re3 64. gxf5 Kb4 65. Rg8 c4 66.
Rxg7 c3 67. Rc7 Kb3 68. e7 c2 69. f6 Kb2 70. Rxc2+ Kxc2 71. f7 Rxe7 72. f8=Q
Re4+ 73. Kg3 Rxa4 74. Qxh6 1-0

[Event "Gorenje GM"]
[Site "Valjevo SRB"]
[Date "2007.06.18"]
[Round "6"]
[White "Karpov, Ana"]
[Black "Damljanovic, B."]
[Result "1/2-1/2"]
[WhiteElo "2668"]
[BlackElo "2585"]
[PlyCount "41"]
[EventDate "2007.06.13"]

1. d4 Nf6 2. Nf3 g6 3. g3 Bg7 4. Bg2 O-O 5. c4 d6 6. Nc3 c6 7. O-O Qb6 8. e4
Bg4 9. Rb1 Nfd7 10. Be3 c5 11. dxc5 dxc5 12. Nd5 Qd8 13. Qb3 b6 14. Nd2 Nc6 15.
h3 Be6 16. f4 Nd4 17. Qd1 b5 18. b3 Nb6 19. Rf2 f5 20. Nc3 bxc4 21. e5 1/2-1/2

[Event "Gorenje GM"]
[Site "Valjevo SRB"]
[Date "2007.06.18"]
[Round "6"]
[White "Pavasovic, D."]
[Black "Roiz, M."]
[Result "1/2-1/2"]
[WhiteElo "2567"]
[BlackElo "2605"]
[PlyCount "40"]
[EventDate "2007.06.13"]

1. e4 e6 2. d4 d5 3. Nd2 c5 4. exd5 Qxd5 5. Ngf3 cxd4 6. Bc4 Qd6 7. O-O Nf6 8.
Nb3 Nc6 9. Nbxd4 Nxd4 10. Qxd4 Bd7 11. Bf4 Qxd4 12. Nxd4 Rc8 13. Bb3 Bc5 14.
Rad1 O-O 15. Nf3 Rfd8 16. Ne5 Bb5 17. c4 Be8 18. Rxd8 Rxd8 19. Rd1 Rc8 20. Kf1
a5 1/2-1/2

[Event "Gorenje GM"]
[Site "Valjevo SRB"]
[Date "2007.06.18"]
[Round "6"]
[White "Ivanisevic, I."]
[Black "Iordachescu, V."]
[Result "1-0"]
[WhiteElo "2614"]
[BlackElo "2587"]
[PlyCount "71"]
[EventDate "2007.06.13"]

1. d4 Nf6 2. c4 g6 3. Nc3 d5 4. Nf3 Bg7 5. Qb3 dxc4 6. Qxc4 O-O 7. e4 Nc6 8.
Be2 Bg4 9. d5 Na5 10. Qa4 Bxf3 11. Bxf3 c6 12. O-O b5 13. Qd1 b4 14. Na4 cxd5
15. exd5 Qd6 16. Be3 Rfc8 17. Rc1 Rxc1 18. Qxc1 Nxd5 19. Rd1 e6 20. Qc5 Qxc5
21. Bxc5 Nc4 22. Rxd5 exd5 23. Bxd5 Rc8 24. Bxc4 Bf8 25. Bxf8 Rxc4 26. Bh6 Rd4
27. Kf1 Rd1+ 28. Ke2 Ra1 29. Bd2 Rxa2 30. b3 f5 31. Kd3 g5 32. Be3 a5 33. Bd4
Kf7 34. Bb2 Ke6 35. Kc2 Kd5 36. Kb1 1-0

[Event "Gorenje GM"]
[Site "Valjevo SRB"]
[Date "2007.06.18"]
[Round "6"]
[White "Atalik, S."]
[Black "Georgiev, Ki"]
[Result "1/2-1/2"]
[WhiteElo "2584"]
[BlackElo "2660"]
[PlyCount "40"]
[EventDate "2007.06.13"]

1. d4 Nf6 2. c4 e6 3. Nf3 c5 4. d5 exd5 5. cxd5 d6 6. Nc3 g6 7. h3 a6 8. a4 Qe7
9. g3 Bg7 10. Bg2 O-O 11. O-O Ne4 12. Nxe4 Qxe4 13. Bf4 Qe7 14. Qd2 Re8 15. e4
Nd7 16. Bh6 Bh8 17. Bg5 Qf8 18. Bh6 Qe7 19. Bg5 Qf8 20. Bh6 Qe7 1/2-1/2

[Event "Gorenje GM"]
[Site "Valjevo SRB"]
[Date "2007.06.19"]
[Round "7"]
[White "Iordachescu, V."]
[Black "Atalik, S."]
[Result "0-1"]
[WhiteElo "2587"]
[BlackElo "2584"]
[PlyCount "70"]
[EventDate "2007.06.13"]

1. e4 e5 2. Nf3 Nc6 3. Bb5 a6 4. Ba4 Nf6 5. O-O Be7 6. Re1 b5 7. Bb3 O-O 8. h3
Rb8 9. c3 d5 10. exd5 Nxd5 11. Nxe5 Nxe5 12. Rxe5 Bb7 13. d3 Bf6 14. Re1 b4 15.
d4 Re8 16. Rxe8+ Qxe8 17. cxb4 Qe4 18. Nd2 Qxd4 19. Nc4 Qxd1+ 20. Bxd1 Nxb4 21.
Bd2 Bd5 22. Bb3 Nd3 23. Bc3 Bxc4 24. Bxc4 Nxb2 25. Bxb2 Rxb2 26. Rd1 Rb4 27.
Bxa6 Ra4 28. Bb7 Rxa2 29. Rd7 Ra1+ 30. Kh2 Kf8 31. f4 Rc1 32. Bd5 Be7 33. Bb3
Rc3 34. Ba2 Ke8 35. Rd2 Bh4 0-1

[Event "Gorenje GM"]
[Site "Valjevo SRB"]
[Date "2007.06.19"]
[Round "7"]
[White "Roiz, M."]
[Black "Karpov, Ana"]
[Result "1-0"]
[WhiteElo "2605"]
[BlackElo "2668"]
[PlyCount "87"]
[EventDate "2007.06.13"]

1. d4 Nf6 2. c4 e6 3. Nc3 Bb4 4. Qc2 d5 5. a3 Bxc3+ 6. Qxc3 Ne4 7. Qc2 c5 8.
dxc5 Nc6 9. e3 Qa5+ 10. Bd2 Qxc5 11. b4 Qe7 12. Bc1 Nf6 13. Bb2 dxc4 14. Qxc4
a6 15. Nf3 O-O 16. Rc1 Bd7 17. Bd3 Rfe8 18. Qc5 Rac8 19. Ke2 h6 20. Rhd1 Qxc5
21. Rxc5 Nd5 22. Nd2 Na7 23. Ne4 Rxc5 24. Nxc5 Bc6 25. Rc1 Nb6 26. f3 Rc8 27.
Be4 Nd5 28. Kf2 Kf8 29. Bb1 Nb5 30. e4 Nf6 31. Bd3 Ke7 32. Ke3 Nc7 33. Nb3 Nb5
34. Na5 Kd7 35. Nc4 Ke7 36. a4 Na7 37. Bd4 Ra8 38. Bc5+ Ke8 39. Nd6+ Kd7 40. b5
axb5 41. axb5 b6 42. Ba3 Nxb5 43. Nxb5 Ra5 44. Rb1 1-0

[Event "Gorenje GM"]
[Site "Valjevo SRB"]
[Date "2007.06.19"]
[Round "7"]
[White "Stojanovic, Mih"]
[Black "Pavasovic, D."]
[Result "1/2-1/2"]
[WhiteElo "2588"]
[BlackElo "2567"]
[PlyCount "25"]
[EventDate "2007.06.13"]

1. d4 d5 2. c4 e6 3. Nf3 Nf6 4. e3 a6 5. b3 c5 6. cxd5 Nxd5 7. Be2 cxd4 8. Nxd4
Bb4+ 9. Bd2 Bxd2+ 10. Qxd2 e5 11. Nc2 Nc6 12. Bf3 Be6 13. Nc3 1/2-1/2

[Event "Gorenje GM"]
[Site "Valjevo SRB"]
[Date "2007.06.20"]
[Round "8"]
[White "Ivanisevic, I."]
[Black "Roiz, M."]
[Result "0-1"]
[WhiteElo "2614"]
[BlackElo "2605"]
[PlyCount "104"]
[EventDate "2007.06.13"]

1. d4 d5 2. c4 c6 3. Nf3 Nf6 4. Nc3 a6 5. h3 e6 6. e3 Nbd7 7. Qc2 dxc4 8. Bxc4
b5 9. Bd3 c5 10. a4 b4 11. Ne4 Bb7 12. Nxf6+ Nxf6 13. dxc5 Qc7 14. e4 Bxc5 15.
O-O O-O 16. Be3 Rac8 17. Rfc1 Nd7 18. Qe2 Qb6 19. Bf4 a5 20. Nd2 Qa7 21. Nb3
Bb6 22. Be3 Ne5 23. Bxb6 Qxb6 24. Bb5 h6 25. Rxc8 Rxc8 26. Rd1 g5 27. Nd4 Rd8
28. Qe3 Nc6 29. Bxc6 Bxc6 30. Rd3 Be8 31. e5 Rd5 32. f4 Qd8 33. b3 Qc7 34. Qd2
gxf4 35. Qxf4 Qxe5 36. Qf2 Kh7 37. Kh1 Qe4 38. Rd2 e5 39. Nf3 Rxd2 40. Nxd2 Qd3
41. Kh2 Kg7 42. Nc4 Qxb3 43. Nd6 Qe6 44. Nf5+ Kh7 45. Ng3 Bxa4 46. Nh5 Qg6 47.
Nf6+ Kg7 48. Ng4 Qg5 49. Qb6 Bd7 50. Nf2 Qf4+ 51. Kg1 a4 52. Qa7 Qd4 0-1

[Event "Gorenje GM"]
[Site "Valjevo SRB"]
[Date "2007.06.20"]
[Round "8"]
[White "Atalik, S."]
[Black "Damljanovic, B."]
[Result "1-0"]
[WhiteElo "2584"]
[BlackElo "2585"]
[PlyCount "95"]
[EventDate "2007.06.13"]

1. d4 Nf6 2. c4 g6 3. Nc3 Bg7 4. e4 d6 5. Bd3 Nc6 6. Nge2 a5 7. O-O e5 8. d5
Nb4 9. Bb1 O-O 10. Bg5 Bd7 11. Qd2 Qe8 12. f3 h5 13. Be3 h4 14. a3 Na6 15. Bc2
Nh7 16. Rae1 Qe7 17. Ba4 Bc8 18. Bc2 Bf6 19. Nc1 Bg5 20. Nd3 Bxe3+ 21. Qxe3 Bd7
22. f4 f6 23. b4 Kg7 24. f5 Ng5 25. bxa5 h3 26. g4 Rh8 27. Rb1 Bc8 28. Rb5 Rh4
29. Bd1 Rh7 30. Be2 Kh8 31. fxg6 Rg7 32. c5 Rxg6 33. cxd6 Qxd6 34. Rb3 Kg7 35.
Nb5 Qe7 36. Rc3 Nf7 37. Nf2 c6 38. Na7 c5 39. Nxc8 Rxc8 40. Nxh3 Qc7 41. Kh1
Qxa5 42. g5 Nxg5 43. Nxg5 Rxg5 44. Qf2 Rf8 45. Rg3 Qd8 46. Rfg1 Nc7 47. Qf5
Nxd5 48. Rxg5+ 1-0

[Event "Gorenje GM"]
[Site "Valjevo SRB"]
[Date "2007.06.21"]
[Round "9"]
[White "Damljanovic, B."]
[Black "Georgiev, Ki"]
[Result "0-1"]
[WhiteElo "2585"]
[BlackElo "2660"]
[PlyCount "124"]
[EventDate "2007.06.13"]

1. Nf3 Nf6 2. c4 e6 3. g3 a6 4. Bg2 b5 5. b3 c5 6. Nc3 Qb6 7. e4 d6 8. d4 Bb7
9. d5 e5 10. O-O g6 11. Qe2 Bg7 12. Nd2 b4 13. Na4 Qd8 14. f4 Nbd7 15. Bb2 Qe7
16. Rae1 h5 17. Nf3 Bh6 18. fxe5 dxe5 19. Bc1 Bxc1 20. Rxc1 O-O 21. Ne1 Rac8
22. Nd3 Rc7 23. h3 a5 24. Qe3 Kg7 25. Rc2 Bc8 26. Bf3 Nh7 27. h4 Nhf6 28. Rcf2
Qd6 29. Bd1 Ng8 30. g4 hxg4 31. Bxg4 Ndf6 32. Bd1 Bg4 33. Rg2 Bxd1 34. Rxd1 Nh6
35. Qf3 Kh7 36. Rf1 Nh5 37. Qe3 Rfc8 38. Qg5 Re8 39. Kh1 Ree7 40. Rff2 Re8 41.
Naxc5 Rxc5 42. Nxc5 Nf4 43. Na4 f6 44. Qg3 f5 45. c5 Qf6 46. Qg5 Qf7 47. d6
fxe4 48. c6 e3 49. Rf1 e2 50. Re1 Qd5 51. d7 Rg8 52. Rexe2 Nxe2 53. Qe7+ Nf7
54. Nb6 Qf3 55. Kh2 Nf4 56. Qxf7+ Rg7 57. Qd5 Nxd5 58. d8=Q Nf4 59. Rc2 Qh3+
60. Kg1 Rf7 61. Qd1 Qg3+ 62. Kh1 Nd3 0-1